000 00891nam a2200241 a 4500
999 _c10766
_d10766
001 10766
003 BD-JhCC
005 20180908102712.0
008 180908s2010 bg a|||| |||| 000 0 ben d
020 _a9847025400608
035 _a(BD-JhCC)10766
040 _aBD-JhCC
_dBD-JhCC
041 _aben
082 _a332.642
_bAHA 2010
100 _aআহমাদ, মোস্তাক
245 _aবুদ্ধি খাটালেই টাকা অর্জনের সেরা পথ শেয়ার বিনিয়োগ /
_b
_cমোস্তাক আহমাদ
260 _aঢাকা :
_bকালি কলম প্রকাশনা,
_c২০১০.
300 _a১৩৪ পৃ. :
_bচিত্রাবলী,
_c২১ সেমি.
650 _aStock exchanges
650 _aPortfolio management
650 _aInvestment analysis
942 _2ddc
_cBK